01121nam a22002537a 4500003000200000005001700002020001800019082002100037100002600058100001500084100001600099245005200115260003200167300000800199520029200207600002600499650002100525650003200546650003500578942000700613952011400620952011400734999001900848020260417180824.0 a9798888333792 aCS 333.70954 KRI aKrishnan, N.R.918863 cIAS918744 d1962918864 aGreen economy : India's sustainable development aChennaibNotion Pressc2022 a326 aThis book traces the global and national process of gradual change in the integration of development and environment and, in a deeper sense the ethics of the relationship between humans and nature. One may say that the basic message of the book is “…Nature protects if protected.”  cCivil Services918865 aEconomics918866 aEconomic development918867 aEnvironmental economics918868 cDB 00104070aLBSNAAbLBSNAAd2026-04-17g499.00l0oCS 333.70954 KRIp173450r2026-04-17w2026-04-17yDB0x2 00104070aLBSNAAbLBSNAAd2026-04-17g499.00l0oCS 333.70954 KRIp173451r2026-04-17w2026-04-17yDB0x2 c360750d360750